| 000 | 00809cam a22002417a 4500 | ||
|---|---|---|---|
| 001 | 14995274 | ||
| 003 | OSt | ||
| 005 | 20250901165816.0 | ||
| 008 | 070906s2007 ke a b 000 0 eng | ||
| 010 | _a 2007381274 | ||
| 020 | _a9966342621 | ||
| 040 |
_aDLC _cDLC |
||
| 042 | _alcode | ||
| 050 | 0 | 0 | _aPL 8010 .C44 2008 |
| 245 | 0 | 4 |
_aThe ten shillings and other stories : _ban anthology of short stories from all over Africa / _cselection by Githiora Chege ; introduction by Samuel Ng'anga. |
| 260 |
_aNairobi : _bMacmillan Kenya, _c2007. |
||
| 300 |
_aiv, 160 p. : _bill. ; _c24 cm. |
||
| 504 | _aIncludes bibliographical references (p. 8). | ||
| 700 | 0 | _aGithiora, Chege J. | |
| 906 |
_a7 _bcbc _corigode _d4 _encip _f20 _gy-gencatlg |
||
| 942 |
_2lcc _cBK |
||
| 999 |
_c9496 _d9496 |
||